[Event "Internet Section 06A g/8'+2\""]
[Site "Dos Hermanas"]
[Date "2004.03.06"]
[Round "2"]
[White "Li, Shilong"]
[Black "Kantaria, Mikheil"]
[Result "0-1"]
[WhiteElo "2522"]
[BlackElo "2378"]
[PlyCount "76"]
[EventDate "2004.03.06"]
[EventType "swiss (blitz)"]
[EventRounds "9"]
[EventCountry "ESP"]
[SourceTitle "CBM 099 Extra"]
[Source "ChessBase"]
[SourceDate "2004.05.04"]
[SourceVersion "1"]
[SourceVersionDate "2004.05.04"]
[SourceQuality "1"]

1. e4 e6 2. d4 d5 3. Nc3 Nf6 4. e5 Nfd7 5. f4 c5 6. Nf3 Nc6 7. Be3 cxd4 8. Nxd4 Bc5 9. Qd2 0-0 10. 0-0-0 a6 11. Nb3 Bb4 12. Bd3 f6 13. exf6 Qxf6 14. g4 Bxc3 15. bxc3 b5 16. g5 Qe7 17. Qe2 e5 18. Qh5 e4 19. Be2 Qa3+ 20. Kb1 Ne7 21. Bg4 Qd6 22. Qh3 Nb6 23. Bc5 Qc7 24. Be6+ Kh8 25. g6 Nxg6 26. Bxf8 Nxf8 27. f5 Bxe6 28. fxe6 Na4 29. Rdf1 Nxe6 30. Qxe6 Qxc3 31. Kc1 Rc8 32. Qxc8+ Qxc8 33. Rf7 g6 34. Rhf1 Qc3 35. Rd7 Kg8 36. Rxd5 e3 37. Rd8+ Kg7 38. Rd3 e2 0-1

[Event "Internet Section 06A g/8'+2\""]
[Site "Dos Hermanas"]
[Date "2004.03.06"]
[Round "4"]
[White "Mamedov, Rauf"]
[Black "Kantaria, Mikheil"]
[Result "1/2-1/2"]
[WhiteElo "2452"]
[BlackElo "2378"]
[PlyCount "85"]
[EventDate "2004.03.06"]
[EventType "swiss (blitz)"]
[EventRounds "9"]
[EventCountry "ESP"]
[SourceTitle "CBM 099 Extra"]
[Source "ChessBase"]
[SourceDate "2004.05.04"]
[SourceVersion "1"]
[SourceVersionDate "2004.05.04"]
[SourceQuality "1"]

1. e4 e6 2. d4 d5 3. Nd2 Nf6 4. e5 Nfd7 5. Bd3 c5 6. c3 Nc6 7. Ne2 cxd4 8. cxd4 f6 9. exf6 Nxf6 10. Nf3 Bd6 11. 0-0 0-0 12. Bg5 Qb6 13. Nc3 Kh8 14. Na4 Qc7 15. Rc1 Ng4 16. h3 Nh2 17. Nxh2 Bxh2+ 18. Kh1 Bf4 19. Qh5 g6 20. Bxf4 Rxf4 21. Bxg6 Qe7 22. g3 Rxd4 23. Nc5 e5 24. Rfe1 e4 25. a3 Qg7 26. Bf7 Bxh3 27. Be6 b6 28. Qxh3 bxc5 29. Rxc5 Ne7 30. Rc7 Qf6 31. Rf1 Rd2 32. Qh4 Qxh4+ 33. gxh4 Ng6 34. h5 Nh4 35. h6 Rf8 36. Rg1 Nf3 37. Bf5 Nxg1 38. Rxh7+ Kg8 39. Rg7+ Kh8 40. Rh7+ Kg8 41. Rg7+ Kh8 42. Rh7+ Kg8 43. Rg7+ 1/2-1/2

[Event "Izmir op"]
[Site "Izmir"]
[Date "2003.09.02"]
[Round "8"]
[White "Kantaria, Mikheil"]
[Black "Guner, Bulent"]
[Result "0-1"]
[WhiteElo "2393"]
[BlackElo "2136"]
[PlyCount "174"]
[EventDate "2003.08.25"]
[EventType "swiss"]
[EventRounds "9"]
[EventCountry "TUR"]
[SourceTitle "EXT 2004"]
[Source "ChessBase"]
[SourceDate "2003.11.25"]
[SourceVersion "1"]
[SourceVersionDate "2003.11.25"]
[SourceQuality "1"]

1. d4 Nf6 2. c4 c5 3. d5 b5 4. cxb5 a6 5. b6 g6 6. Nc3 Qxb6 7. e4 d6 8. Nf3 Bg7 9. Be2 0-0 10. 0-0 Nbd7 11. Nd2 Qc7 12. a4 a5 13. Bb5 Ba6 14. Bxa6 Rxa6 15. Qe2 Qb7 16. Ra3 Rb8 17. Rb3 Rb6 18. Nb5 c4 19. Nxc4 Nc5 20. Re3 Nxa4 21. Nxb6 Qxb6 22. Ra3 Nc5 23. Nc3 Qb4 24. f3 Nfd7 25. Be3 Qxb2 26. Qxb2 Rxb2 27. Na4 Rb5 28. Nxc5 Nxc5 29. Bxc5 dxc5 30. f4 Bd4+ 31. Kh1 c4 32. Ra4 Be3 33. Rxc4 Bxf4 34. g3 Be5 35. Kg2 h5 36. Rf3 Bd6 37. Rfc3 Kg7 38. Kf3 Rb2 39. Rc2 Rb3+ 40. R4c3 Rb1 41. Ra2 Bb4 42. Rc6 Re1 43. Rac2 Rf1+ 44. Kg2 Re1 45. Kf3 Rf1+ 46. Ke2 Re1+ 47. Kd3 Rd1+ 48. Kc4 Re1 49. Kd4 Rd1+ 50. Ke5 Re1 51. Kd4 Rd1+ 52. Ke3 Re1+ 53. Re2 Rd1 54. Rc7 Bd6 55. Rc4 Bb4 56. Rb2 Re1+ 57. Kf2 Rd1 58. Rc7 Bd6 59. Rd7 a4 60. Ra2 a3 61. Ke2 Rh1 62. Kd3 Rd1+ 63. Kc4 Kf6 64. Re2 Ke5 65. Kb3 Rd4 66. Rf2 f6 67. Rd8 Rxe4 68. Rg8 g5 69. Rh8 h4 70. gxh4 Rxh4 71. Re2+ Kf5 72. Re8 Rb4+ 73. Ka2 Rb7 74. Ka1 Kg4 75. Rc8 Kf3 76. Rcc2 Rb5 77. Rcd2 g4 78. Rf2+ Ke4 79. Rg2 Kf5 80. Ka2 Kg5 81. Rge2 f5 82. Re6 f4 83. Re4 Kf5 84. Rc4 f3 85. Rcc2 Rb2+ 86. Rxb2 axb2 87. Kxb2 Bxh2 0-1

[Event "Batumi BCSA op"]
[Site "Batumi"]
[Date "2003.07.22"]
[Round "6"]
[White "Kantaria, Mikheil"]
[Black "Aroshidze, Levan"]
[Result "0-1"]
[WhiteElo "2393"]
[BlackElo "2393"]
[PlyCount "98"]
[EventDate "2003.07.16"]
[EventType "swiss"]
[EventRounds "9"]
[EventCountry "GEO"]
[SourceTitle "CBM 095 Extra"]
[Source "ChessBase"]
[SourceDate "2003.09.04"]
[SourceVersion "1"]
[SourceVersionDate "2003.09.04"]
[SourceQuality "1"]

1. d4 Nf6 2. c4 e6 3. Nc3 Bb4 4. e3 c5 5. Bd3 d5 6. Nge2 cxd4 7. exd4 dxc4 8. Bxc4 0-0 9. 0-0 Nc6 10. a3 Be7 11. Bg5 a6 12. Qd3 b5 13. Ba2 Ne5 14. Qg3 Nc4 15. Nf4 Nxb2 16. Bh6 Ne8 17. Nh5 Qxd4 18. Ne2 Qh4 19. Qf3 Rb8 20. Bf4 Bb7 21. Qb3 Rc8 22. Qxb2 Qxh5 23. Ng3 Qg4 24. Be5 Bf6 25. a4 Bxe5 26. Qxe5 bxa4 27. Rfb1 Bc6 28. Rb6 Nf6 29. h3 Qg6 30. Rxa6 Qd3 31. Ra7 h6 32. Re1 Kh8 33. Nh5 Nxh5 34. Qxh5 Qd2 35. Re2 Qd1+ 36. Kh2 Bb5 37. Qxb5 Rc1 38. Rd7 Qh1+ 39. Kg3 Qf1 40. Bc4 a3 41. Rc2 Qe1 42. Rxc1 Qxc1 43. Rxf7 Rxf7 44. Qe8+ Kh7 45. Bd3+ Rf5 46. Bxf5+ exf5 47. Qe6 Qb1 48. h4 a2 49. h5 f4+ 0-1

[Event "Batumi BCSA op"]
[Site "Batumi"]
[Date "2003.07.21"]
[Round "5"]
[White "Kasrashvili, Alexandre"]
[Black "Kantaria, Mikheil"]
[Result "1/2-1/2"]
[WhiteElo "2305"]
[BlackElo "2393"]
[PlyCount "101"]
[EventDate "2003.07.16"]
[EventType "swiss"]
[EventRounds "9"]
[EventCountry "GEO"]
[SourceTitle "CBM 095 Extra"]
[Source "ChessBase"]
[SourceDate "2003.09.04"]
[SourceVersion "1"]
[SourceVersionDate "2003.09.04"]
[SourceQuality "1"]

1. e4 e6 2. Nf3 d5 3. Nc3 Nf6 4. e5 Nfd7 5. d4 c5 6. dxc5 Nc6 7. Bf4 Bxc5 8. Bd3 a6 9. 0-0 h6 10. Bg3 b5 11. Re1 Bb7 12. h3 Nb6 13. Ne2 Nc4 14. Rb1 g5 15. b3 Nb6 16. c3 b4 17. Nfd4 bxc3 18. Nxc6 Bxc6 19. b4 Ba4 20. Qc1 Be7 21. Nxc3 Bd7 22. Qd2 Na4 23. Ne2 Qb6 24. Kh1 Kf8 25. f4 Rc8 26. Rf1 g4 27. hxg4 Rg8 28. Bf2 Qb7 29. Nd4 Nc3 30. Rb3 Ne4 31. Bxe4 dxe4 32. f5 Bg5 33. Be3 Qd5 34. Bxg5 Rxg5 35. Rc3 Kg8 36. fxe6 Bxe6 37. Nxe6 Qxe6 38. Rxc8+ Qxc8 39. Qd5 Qe6 40. Qxe6 fxe6 41. Rb1 Rxe5 42. a4 e3 43. Kg1 Kf7 44. b5 axb5 45. axb5 e2 46. Kf2 e1Q+ 47. Rxe1 Rxb5 48. Kf3 Kf6 49. Rh1 Kg6 50. Ke4 Rb4+ 51. Kf3 1/2-1/2

[Event "Batumi BCSA op"]
[Site "Batumi"]
[Date "2003.07.17"]
[Round "1"]
[White "Lobzhanidze, Nikoloz"]
[Black "Kantaria, Mikheil"]
[Result "0-1"]
[WhiteElo "2054"]
[BlackElo "2393"]
[PlyCount "76"]
[EventDate "2003.07.16"]
[EventType "swiss"]
[EventRounds "9"]
[EventCountry "GEO"]
[SourceTitle "CBM 095 Extra"]
[Source "ChessBase"]
[SourceDate "2003.09.04"]
[SourceVersion "1"]
[SourceVersionDate "2003.09.04"]
[SourceQuality "1"]

1. e4 e6 2. d4 d5 3. Nd2 Nf6 4. e5 Nfd7 5. f4 c5 6. c3 Nc6 7. Ndf3 Qb6 8. g3 cxd4 9. cxd4 Bb4+ 10. Kf2 f6 11. Kg2 0-0 12. Bd3 g5 13. exf6 Nxf6 14. Ne2 gxf4 15. Bxf4 e5 16. Nxe5 Nxe5 17. Bxe5 Ng4 18. Qc1 Nxe5 19. Qg5+ Ng6 20. Rhf1 Qd8 21. Qh5 Qe8 22. Qxd5+ Qe6 23. Qb5 Qc6+ 24. Qxc6 bxc6 25. h4 Be6 26. Bxg6 hxg6 27. Nf4 Bd5+ 28. Kh3 Kg7 29. Rf2 Bd6 30. a3 a5 31. Re1 Bxf4 32. Rxf4 Rxf4 33. gxf4 Rb8 34. Re2 Rb3+ 35. Kh2 Kf6 36. Kg1 Kf5 37. Re5+ Kxf4 38. Rg5 Rg3+ 0-1

[Event "EU-ch 3rd"]
[Site "Batumi"]
[Date "2002.06.23"]
[Round "11"]
[White "Yagupov, Igor"]
[Black "Kantaria, Mikheil"]
[Result "1-0"]
[WhiteElo "2474"]
[BlackElo "2259"]
[PlyCount "87"]
[EventDate "2002.06.12"]
[EventType "swiss"]
[EventRounds "13"]
[EventCountry "GEO"]
[SourceTitle "CBM 090"]
[Source "ChessBase"]
[SourceDate "2002.09.20"]
[SourceVersion "1"]
[SourceVersionDate "2002.09.20"]
[SourceQuality "1"]

1. e4 e6 2. d3 c5 3. Nf3 Nc6 4. g3 Be7 5. Bg2 d6 6. 0-0 Nf6 7. c3 Bd7 8. Re1 0-0 9. Nbd2 Rc8 10. a3 b5 11. d4 cxd4 12. cxd4 Qb6 13. Nb3 a5 14. d5 Ne5 15. Nxe5 dxe5 16. Be3 Qa6 17. d6 Bxd6 18. Nxa5 Bc7 19. Nb3 Bb6 20. Rc1 Bxe3 21. Rxe3 Qb6 22. Qd2 Rxc1+ 23. Nxc1 Bc6 24. h3 Bb7 25. Ne2 h6 26. Qb4 Rd8 27. a4 Rd1+ 28. Kh2 Bc6 29. axb5 Be8 30. Nc3 Rd2 31. Kg1 Rd4 32. Qa3 Nd7 33. Bf1 Nc5 34. b4 Nb7 35. Na4 Qa7 36. Nc5 Qxa3 37. Rxa3 Nd6 38. Ra8 Kf8 39. b6 Rxb4 40. Ba6 Rb1+ 41. Kg2 Ke7 42. b7 Nxb7 43. Bxb7 Rb5 44. Rxe8+ 1-0

[Event "EU-ch 3rd"]
[Site "Batumi"]
[Date "2002.06.21"]
[Round "9"]
[White "Priehoda, Vitezslav"]
[Black "Kantaria, Mikheil"]
[Result "1/2-1/2"]
[WhiteElo "2425"]
[BlackElo "2259"]
[PlyCount "46"]
[EventDate "2002.06.12"]
[EventType "swiss"]
[EventRounds "13"]
[EventCountry "GEO"]
[SourceTitle "CBM 090"]
[Source "ChessBase"]
[SourceDate "2002.09.20"]
[SourceVersion "1"]
[SourceVersionDate "2002.09.20"]
[SourceQuality "1"]

1. d4 e6 2. c4 Nf6 3. g3 d5 4. Nf3 Bb4+ 5. Bd2 Be7 6. Bg2 0-0 7. 0-0 b6 8. cxd5 exd5 9. Nc3 Bb7 10. Rc1 Re8 11. Ne5 c6 12. Qc2 Na6 13. e4 c5 14. exd5 cxd4 15. Nb5 Bxd5 16. Nc6 Qd7 17. Bxd5 Qxd5 18. Nbxd4 Bc5 19. Qc4 Bxd4 20. Nxd4 Nc5 21. Qxd5 Nxd5 22. Rfd1 h6 23. Kf1 a5 1/2-1/2

[Event "EU-ch 3rd"]
[Site "Batumi"]
[Date "2002.06.20"]
[Round "8"]
[White "Kantaria, Mikheil"]
[Black "Arutinian, David"]
[Result "1/2-1/2"]
[WhiteElo "2259"]
[BlackElo "2427"]
[PlyCount "42"]
[EventDate "2002.06.12"]
[EventType "swiss"]
[EventRounds "13"]
[EventCountry "GEO"]
[SourceTitle "CBM 090"]
[Source "ChessBase"]
[SourceDate "2002.09.20"]
[SourceVersion "1"]
[SourceVersionDate "2002.09.20"]
[SourceQuality "1"]

1. d4 Nf6 2. c4 g6 3. g3 Bg7 4. Bg2 0-0 5. Nf3 d6 6. Nc3 Nc6 7. 0-0 a6 8. d5 Na5 9. Nd2 c5 10. Qc2 Rb8 11. b3 b5 12. Rb1 h5 13. Bb2 Bf5 14. e4 Bd7 15. Nd1 bxc4 16. bxc4 e5 17. Ne3 Ng4 18. Qd3 Qc7 19. Bc3 Bh6 20. Rxb8 Rxb8 21. f4 Nxe3 1/2-1/2

[Event "GEO-ch I Liga"]
[Site "Tbilisi"]
[Date "2002.05.03"]
[Round "9"]
[White "Gaprindashvili, Valeriane"]
[Black "Kantaria, Mikheil"]
[Result "1-0"]
[WhiteElo "2472"]
[BlackElo "2242"]
[PlyCount "79"]
[EventDate "2002.05.??"]
[EventType "swiss"]
[EventRounds "9"]
[EventCountry "GEO"]
[SourceTitle "EXT 2004"]
[Source "ChessBase"]
[SourceDate "2003.11.25"]
[SourceVersion "1"]
[SourceVersionDate "2003.11.25"]
[SourceQuality "1"]

1. d4 e6 2. c4 Nf6 3. Nf3 d5 4. e3 c5 5. cxd5 exd5 6. Bb5+ Bd7 7. Bxd7+ Nbxd7 8. dxc5 Nxc5 9. 0-0 Be7 10. Bd2 Nce4 11. Bc3 0-0 12. Bd4 a6 13. Nc3 b5 14. a4 b4 15. Nxe4 dxe4 16. Nd2 Re8 17. h3 Qd5 18. Rc1 Rad8 19. Qb3 Qh5 20. Rc4 Qe2 21. Qc2 Rd5 22. Nb3 Qh5 23. Bxf6 Bxf6 24. Rxe4 Red8 25. Rxb4 Qe5 26. Rd4 Qd6 27. Rxd5 Qxd5 28. Nd4 g6 29. Rb1 a5 30. Qb3 Qe4 31. Rd1 Bxd4 32. Qc4 Rb8 33. Qxd4 Qc6 34. Qd6 Qc8 35. Qe5 Qb7 36. Qxa5 Qxb2 37. Rd8+ Kg7 38. Rxb8 Qxb8 39. Qc3+ Kg8 40. a5 1-0

[Event "GEO-ch I Liga"]
[Site "Tbilisi"]
[Date "2002.05.02"]
[Round "8"]
[White "Kantaria, Mikheil"]
[Black "Matnadze, Ana"]
[Result "0-1"]
[WhiteElo "2242"]
[BlackElo "2324"]
[PlyCount "86"]
[EventDate "2002.05.??"]
[EventType "swiss"]
[EventRounds "9"]
[EventCountry "GEO"]
[SourceTitle "EXT 2004"]
[Source "ChessBase"]
[SourceDate "2003.11.25"]
[SourceVersion "1"]
[SourceVersionDate "2003.11.25"]
[SourceQuality "1"]

1. d4 Nf6 2. c4 e6 3. Nf3 b6 4. a3 Bb7 5. Nc3 g6 6. Bg5 Bg7 7. e3 0-0 8. Be2 d6 9. 0-0 Nbd7 10. Qc2 c6 11. Rac1 a6 12. Rfd1 Qe7 13. Qb3 Rab8 14. a4 a5 15. Qa3 Rfe8 16. Bh4 Qf8 17. Bg3 e5 18. Rd2 h6 19. Rcd1 Qe7 20. h3 Bf8 21. b3 Rbc8 22. Kh2 Nh5 23. dxe5 Nxg3 24. fxg3 Nxe5 25. Rxd6 Nxf3+ 26. Bxf3 Qxe3 27. Qb2 Bxd6 28. Rxd6 Re7 29. Qc2 Qe5 30. Qd2 Kg7 31. Nd1 h5 32. h4 Rcc7 33. Qd3 b5 34. cxb5 cxb5 35. Bxb7 Rxb7 36. Rd5 Qe4 37. Qc3+ f6 38. Rd6 Qe5 39. Qd2 bxa4 40. bxa4 Rb3 41. Rd3 Rb4 42. Re3 Rxh4+ 43. Kg1 Re4 0-1

[Event "GEO-ch I Liga"]
[Site "Tbilisi"]
[Date "2002.05.01"]
[Round "7"]
[White "Kasrashvili, Alexandre"]
[Black "Kantaria, Mikheil"]
[Result "0-1"]
[WhiteElo "2319"]
[BlackElo "2242"]
[PlyCount "86"]
[EventDate "2002.05.??"]
[EventType "swiss"]
[EventRounds "9"]
[EventCountry "GEO"]
[SourceTitle "EXT 2004"]
[Source "ChessBase"]
[SourceDate "2003.11.25"]
[SourceVersion "1"]
[SourceVersionDate "2003.11.25"]
[SourceQuality "1"]

1. e4 e6 2. d4 d5 3. e5 c5 4. c3 Nc6 5. Nf3 Nge7 6. Na3 cxd4 7. cxd4 Qa5+ 8. Bd2 Qb6 9. Bc3 Nf5 10. Nc2 Be7 11. Bd3 Bd7 12. 0-0 g5 13. a4 a5 14. Bb5 Nb4 15. Bxb4 axb4 16. Bxd7+ Kxd7 17. Ne3 h5 18. Nxf5 exf5 19. Qd3 Ke6 20. Ne1 Qa6 21. h4 Rhg8 22. Qxa6+ Rxa6 23. Nd3 gxh4 24. Nf4+ Kd7 25. Nxd5 Rag6 26. Kh1 Rxg2 27. Nb6+ Ke8 28. Rac1 h3 29. Nd5 Bd8 30. Rg1 R8g4 31. Ne3 Rxf2 32. Nxg4 hxg4 33. Rgf1 Bh4 34. Rc8+ Kd7 35. Rfc1 Bg5 36. R8c7+ Kd8 37. Rc8+ Kd7 38. R8c7+ Ke6 39. Rd1 g3 40. d5+ Kxe5 41. d6 Rh2+ 42. Kg1 Be3+ 43. Kf1 g2+ 0-1

[Event "GEO-ch I Liga"]
[Site "Tbilisi"]
[Date "2002.04.29"]
[Round "5"]
[White "Morchiashvili, Bachana"]
[Black "Kantaria, Mikheil"]
[Result "0-1"]
[WhiteElo "2183"]
[BlackElo "2242"]
[PlyCount "178"]
[EventDate "2002.05.??"]
[EventType "swiss"]
[EventRounds "9"]
[EventCountry "GEO"]
[SourceTitle "EXT 2004"]
[Source "ChessBase"]
[SourceDate "2003.11.25"]
[SourceVersion "1"]
[SourceVersionDate "2003.11.25"]
[SourceQuality "1"]

1. Nf3 Nf6 2. d4 e6 3. c4 Bb4+ 4. Bd2 c5 5. dxc5 Bxc5 6. Nc3 0-0 7. e3 d5 8. cxd5 exd5 9. Be2 Nc6 10. 0-0 Re8 11. Rc1 a6 12. Nb5 Ne4 13. Nbd4 Qd6 14. Bc3 Bg4 15. h3 Bd7 16. Qd3 Bb6 17. Rcd1 Rad8 18. a3 Bc7 19. Bb4 Qh6 20. h4 Bg4 21. g3 Nxg3 22. fxg3 Rxe3 23. Qd2 Nxd4 24. Qxd4 Bb6 25. Bc5 Bxc5 26. Qxc5 Rxe2 27. Ng5 Qd6 28. Qc3 Qb6+ 29. Rd4 h6 30. Nxf7 Rf8 31. Nxh6+ gxh6 32. Rxf8+ Kxf8 33. Kf1 Qe6 34. Qb4+ Ke8 35. Rxg4 Re3 36. Kg2 Re2+ 37. Kf1 Rh2 38. Kg1 Re2 39. Kf1 Re5 40. Kg2 Rf5 41. Rf4 Rxf4 42. Qxf4 h5 43. Qd4 Kd7 44. Qg7+ Kc6 45. Qc3+ Kd6 46. Qb4+ Kc6 47. Qa4+ Kc7 48. Qa5+ Kb8 49. Qd8+ Ka7 50. Qg5 Qe2+ 51. Kh3 Qf3 52. Qc1 Kb6 53. b4 Kb5 54. Kh2 Ka4 55. Qc7 Qf2+ 56. Kh3 Qf1+ 57. Kh2 Kxa3 58. Qxb7 d4 59. Qe7 Qf2+ 60. Kh3 Qf5+ 61. Kh2 Kb3 62. Kg1 d3 63. Qd6 Kc2 64. Qxa6 d2 65. Qc4+ Kb2 66. Qd4+ Kc1 67. Qc3+ Qc2 68. Qa1+ Qb1 69. Qc3+ Kd1 70. Kf2 Qf5+ 71. Ke3 Qe6+ 72. Kf2 Qe2+ 73. Kg1 Qe1+ 74. Kg2 Qe4+ 75. Kf2 Qe2+ 76. Kg1 Ke1 77. b5 Qf2+ 78. Kh1 Ke2 79. Qc4+ Ke1 80. Qc3 Qf1+ 81. Kh2 Qxb5 82. Kg2 Qd5+ 83. Kg1 Ke2 84. Qb2 Qd3 85. Kh2 Kf1 86. Qf6+ Ke1 87. Kg2 Qe2+ 88. Kg1 Qe3+ 89. Kg2 d1Q 0-1

[Event "GEO-ch I Liga"]
[Site "Tbilisi"]
[Date "2002.04.26"]
[Round "2"]
[White "Aroshidze, Levan"]
[Black "Kantaria, Mikheil"]
[Result "1-0"]
[WhiteElo "2347"]
[BlackElo "2242"]
[PlyCount "113"]
[EventDate "2002.05.??"]
[EventType "swiss"]
[EventRounds "9"]
[EventCountry "GEO"]
[SourceTitle "EXT 2004"]
[Source "ChessBase"]
[SourceDate "2003.11.25"]
[SourceVersion "1"]
[SourceVersionDate "2003.11.25"]
[SourceQuality "1"]

1. e4 e6 2. d4 d5 3. Nc3 Bb4 4. Nge2 dxe4 5. a3 Bxc3+ 6. Nxc3 Nc6 7. Bb5 Nge7 8. Bg5 f6 9. Be3 0-0 10. Qd2 Nd5 11. Nxe4 f5 12. Bg5 Qe8 13. Nc5 a6 14. Bxc6 Qxc6 15. Nd3 Nb6 16. 0-0-0 Nc4 17. Qc3 Bd7 18. Be7 Rfe8 19. Bc5 Nb6 20. Ne5 Qd5 21. Bxb6 cxb6 22. Kb1 Rac8 23. Qe3 b5 24. h4 Rc7 25. f3 Rec8 26. Rd2 a5 27. Re1 Be8 28. Nd3 Rc4 29. Nf4 Qd6 30. Qxe6+ Qxe6 31. Rxe6 Bf7 32. Re5 b4 33. Rxa5 Re8 34. Re5 Rxe5 35. dxe5 g5 36. e6 Rxf4 37. exf7+ Kxf7 38. hxg5 bxa3 39. bxa3 Kg6 40. Rd7 b5 41. Rb7 Kxg5 42. Rxb5 h5 43. Rb8 Ra4 44. Kb2 Ra7 45. c4 Kh4 46. Kb3 f4 47. c5 Kg3 48. Rg8+ Kh4 49. Rf8 Kg3 50. Kb4 Kxg2 51. Rxf4 Kg3 52. Rd4 h4 53. Rg4+ Kh3 54. c6 Rf7 55. Rc4 Rc7 56. Kb5 Rh7 57. c7 1-0

[Event "GEO-ch U20"]
[Site "Tbilisi"]
[Date "2002.03.24"]
[Round "6"]
[White "Kekenadze, Aleksandre"]
[Black "Kantaria, Mikheil"]
[Result "1-0"]
[WhiteElo "2127"]
[BlackElo "2242"]
[PlyCount "32"]
[EventDate "2002.03.??"]
[EventType "swiss"]
[EventRounds "9"]
[EventCountry "GEO"]
[SourceTitle "EXT 2004"]
[Source "ChessBase"]
[SourceDate "2003.11.25"]
[SourceVersion "1"]
[SourceVersionDate "2003.11.25"]
[SourceQuality "1"]

1. d4 e6 2. c4 Nf6 3. Nc3 Bb4 4. Qc2 c5 5. dxc5 Na6 6. a3 Bxc3+ 7. Qxc3 Nxc5 8. b4 Nce4 9. Qb2 Nd6 10. c5 Nc4 11. Qd4 d5 12. cxd6 Nxd6 13. Bf4 Nf5 14. Qxd8+ Kxd8 15. Nf3 Ke7 16. e3 Nd5 1-0

[Event "Petrov Memorial op"]
[Site "St Petersburg"]
[Date "2002.02.13"]
[Round "2"]
[White "Mchedlishvili, Mikheil"]
[Black "Kantaria, Mikheil"]
[Result "1-0"]
[WhiteElo "2527"]
[BlackElo "2242"]
[PlyCount "41"]
[EventDate "2002.02.12"]
[EventType "swiss"]
[EventRounds "9"]
[EventCountry "RUS"]
[SourceTitle "CBM 086 Extra"]
[Source "ChessBase"]
[SourceDate "2002.03.14"]
[SourceVersion "1"]
[SourceVersionDate "2002.03.14"]
[SourceQuality "1"]

1. c4 Nf6 2. Nf3 e6 3. g3 d5 4. Bg2 Be7 5. 0-0 0-0 6. d4 b6 7. cxd5 Nxd5 8. e4 Nf6 9. Qc2 Bb7 10. Nc3 Nbd7 11. Rd1 h6 12. a3 a5 13. Bf4 Re8 14. d5 exd5 15. e5 Nh5 16. Nxd5 Bc5 17. Be3 Bxe3 18. Nxe3 g6 19. e6 Rxe6 20. Nd4 Bxg2 21. Nxe6 1-0

[Event "Batumi op"]
[Site "Batumi"]
[Date "2001.07.04"]
[Round "8"]
[White "Qalagashvili, Pridon"]
[Black "Kantaria, Mikheil"]
[Result "0-1"]
[WhiteElo "2231"]
[BlackElo "2104"]
[PlyCount "92"]
[EventDate "2001.06.26"]
[EventType "swiss"]
[EventRounds "9"]
[EventCountry "GEO"]
[SourceTitle "EXT 2002"]
[Source "ChessBase"]
[SourceDate "2001.11.25"]
[SourceVersion "1"]
[SourceVersionDate "2001.11.25"]
[SourceQuality "1"]

1. c4 Nf6 2. g3 c6 3. Bg2 d5 4. Nf3 Bg4 5. cxd5 Bxf3 6. Bxf3 cxd5 7. Qb3 Qd7 8. Nc3 e6 9. g4 Nc6 10. Qa4 Ne5 11. Qxd7+ Kxd7 12. g5 Nxf3+ 13. exf3 Nh5 14. d3 Rc8 15. Be3 Bc5 16. d4 Bb4 17. Kd2 Rc4 18. a3 Bxc3+ 19. bxc3 Rhc8 20. Rab1 b6 21. Rb3 g6 22. Ra1 Ra4 23. Rb4 Rc4 24. Rxa4 Rxa4 25. Kc2 Ng7 26. Kb3 b5 27. h4 Nf5 28. Rh1 Rc4 29. h5 a5 30. hxg6 hxg6 31. Rh7 Ke7 32. Rh8 b4 33. axb4 axb4 34. cxb4 Nxd4+ 35. Bxd4 Rxd4 36. Ka4 Rf4 37. Rh3 Kd6 38. Ka5 d4 39. b5 d3 40. b6 Kc6 41. Rh8 d2 42. Rd8 Rf5+ 43. Ka6 Rd5 44. Rc8+ Kd7 45. b7 d1Q 46. b8Q Qa4+ 0-1

[Event "Batumi op"]
[Site "Batumi"]
[Date "2001.07.02"]
[Round "6"]
[White "Khukhashvili, Sopiko"]
[Black "Kantaria, Mikheil"]
[Result "1-0"]
[WhiteElo "2326"]
[BlackElo "2104"]
[PlyCount "81"]
[EventDate "2001.06.26"]
[EventType "swiss"]
[EventRounds "9"]
[EventCountry "GEO"]
[SourceTitle "EXT 2002"]
[Source "ChessBase"]
[SourceDate "2001.11.25"]
[SourceVersion "1"]
[SourceVersionDate "2001.11.25"]
[SourceQuality "1"]

1. Nf3 e6 2. b3 Nf6 3. Bb2 d5 4. e3 Be7 5. c4 0-0 6. Be2 c5 7. 0-0 Nc6 8. d3 d4 9. e4 e5 10. Ne1 Be6 11. Nd2 Nd7 12. g3 f5 13. exf5 Bxf5 14. Ne4 Nf6 15. Bf3 h6 16. Qe2 Qd7 17. Ng2 g5 18. Ba3 Nxe4 19. Bxe4 Bd6 20. h4 Bg4 21. Bd5+ Kh8 22. Qd2 Qg7 23. f3 Bd7 24. hxg5 Qxg5 25. Qxg5 hxg5 26. Rae1 Rae8 27. Bc1 e4 28. Rxe4 Bxg3 29. Rxe8 Rxe8 30. Be4 Rg8 31. f4 gxf4 32. Bxf4 Bh3 33. Bd5 Bxg2 34. Kxg2 Bxf4+ 35. Bxg8 Be3 36. Bd5 Nb4 37. Be4 Nxa2 38. Ra1 Nc1 39. Rxa7 Bd2 40. Rxb7 Bb4 41. Rxb4 1-0

[Event "Batumi op"]
[Site "Batumi"]
[Date "2001.06.30"]
[Round "5"]
[White "Kantaria, Mikheil"]
[Black "Lomineishvili, Maia"]
[Result "0-1"]
[WhiteElo "2104"]
[BlackElo "2437"]
[PlyCount "212"]
[EventDate "2001.06.26"]
[EventType "swiss"]
[EventRounds "9"]
[EventCountry "GEO"]
[SourceTitle "EXT 2002"]
[Source "ChessBase"]
[SourceDate "2001.11.25"]
[SourceVersion "1"]
[SourceVersionDate "2001.11.25"]
[SourceQuality "1"]

1. d4 Nf6 2. c4 g6 3. g3 Bg7 4. Bg2 0-0 5. Nc3 d6 6. Nf3 c6 7. 0-0 Qa5 8. e4 Bg4 9. h3 Bxf3 10. Bxf3 Nfd7 11. Be3 e5 12. d5 cxd5 13. Qxd5 Qxd5 14. cxd5 a6 15. g4 Bf6 16. a4 Nc5 17. Bxc5 dxc5 18. a5 Be7 19. Nd1 Nd7 20. Ne3 b5 21. axb6 Nxb6 22. Be2 a5 23. b3 a4 24. bxa4 Nxa4 25. Nc4 Nc3 26. Bd3 Na2 27. Nxe5 Bf6 28. f4 g5 29. Bc4 gxf4 30. Rxa2 Bxe5 31. Rxa8 Rxa8 32. d6 Bxd6 33. Rd1 Be7 34. Rd7 Kf8 35. Rb7 Ra4 36. Bd5 Ra3 37. Rb8+ Kg7 38. Rb7 Kf8 39. Rb8+ Kg7 40. Rb7 Bf6 41. Rxf7+ Kg6 42. e5 Bxe5 43. Rf5 Bd4+ 44. Kg2 Rg3+ 45. Kf1 Rxh3 46. Rxf4 Kg5 47. Rf8 Rh2 48. Be6 Kh4 49. Rf3 Kg5 50. Rf5+ Kg6 51. Rh5 Rf2+ 52. Ke1 h6 53. Rf5 Rg2 54. Rd5 Rh2 55. Bd7 Be3 56. Be8+ Kg7 57. Bb5 Rg2 58. Re5 Bd4 59. Re4 Kf6 60. Bc6 Rh2 61. Re2 Rh3 62. Bd5 Kg5 63. Be6 Kf4 64. Kd2 Rh1 65. Kd3 Rd1+ 66. Rd2 Rc1 67. Rc2 Rg1 68. Rh2 Rg3+ 69. Kc4 Rc3+ 70. Kb5 Bg7 71. Rh5 Re3 72. Bd7 Rd3 73. Be6 Rd6 74. Bc8 Bd4 75. Rf5+ Kg3 76. Rf7 Be3 77. Bf5 Rd8 78. Rd7 Rb8+ 79. Kc4 Rb4+ 80. Kd3 Bg5 81. Rc7 Rd4+ 82. Kc3 Bd2+ 83. Kb3 Rb4+ 84. Kc2 Be3 85. Rc6 Kf2 86. Kd3 Rd4+ 87. Kc3 Rd8 88. Kc4 Ke2 89. Ra6 Rd2 90. Ra5 Rb2 91. Rb5 Rd2 92. Ra5 Rd1 93. Ra2+ Kf3 94. Rc2 Kf4 95. Rh2 Rc1+ 96. Rc2 Ra1 97. Kd5 h5 98. Be6 hxg4 99. Rg2 g3 100. Kc4 Rd1 101. Bc8 Rc1+ 102. Kb3 c4+ 103. Kb2 c3+ 104. Kb3 Bd4 105. Bd7 Rb1+ 106. Kc4 Rb2 0-1